00376nam a22001337a 450000500170000000800410001704100130005808200130007110000130008424500400009726000560013730000240019365000250021720240705092915.0240705b |||||||| |||| 00| 0 eng d aEnglish  a349 PRE  lEnglish  aPrentice-Hall Weekly Legal Service  aDurban: bPrentice Hall Services (Pty.) Ltd, c1934 b59 pages; c25 cm.  aLegal practice bLaw